00273nam a2200097Ia 450000500170000000800410001724500800005826000140013830000110015265000120016320260328104313.0260328s9999||||xx |||||||||||||| ||und|| 0aWhat Life was Like among druids and High Kings Celtic Ireland AD 400-1200 / bTime Life a144 p. aIRLANDA